000 00737nam a2200217Ia 4500
003 GCL
008 140319s9999 xx 000 0 ara d
020 _a4243200977
040 _aGCL /
_cGCL
082 0 4 _a371.4046
_bا ا
100 1 _aابراهيم محمد عطا
245 1 0 _aالاشراف العلمى والتوجية التربوى /
_cابراهيم محمد عطا
250 _aالاولى
260 _aالقاهرة :
_bمكتبة النهضة المصرية ،
_c1998
300 _a119 ص ؛
_c24 سم
650 0 4 _aالتربية
650 0 4 _aالاجتماع التربوى - علم
650 0 4 _aالتوجية التربوى
650 0 4 _aالتعليم - البحوث التربوية
942 _2ddc
_cBK
999 _c6056
_d6056